|
|
|
|
| LEADER |
01308nam a2200265 a 4500 |
| 001 |
GR-Patra34061 |
| 003 |
GR-PaULI |
| 005 |
20230516093410.0 |
| 008 |
130912s2010 gr d g b 001 0 eng d |
| 952 |
|
|
|0 0
|1 0
|2 ddc
|4 0
|6 616_398000000000000_PHY
|7 0
|9 316388
|a LISP
|b LISP
|c BSC
|d 2021-01-17
|e 24
|f
|g 0.00
|i 52266
|l 0
|o 616.398 PHY
|p 025000300755
|r 2021-01-17 00:00:00
|t 2
|v 2021.00
|w 2021-01-17
|y BKN
|e
|x
|x
|x GrPaTEI
|
| 952 |
|
|
|0 0
|1 0
|2 ddc
|4 0
|6 616_398000000000000_PHY
|7 0
|9 316389
|a LISK
|b LISK
|c BSC
|d 2021-01-17
|e 24
|f 0
|g 0.00
|l 0
|o 616.398 PHY
|p 92410054185
|r 2021-01-17 00:00:00
|t 1
|w 2021-01-17
|y BK15
|x 20130925 0 1
|x GrPaTEI
|
| 999 |
|
|
|c 180172
|d 180172
|
| 020 |
|
|
|a 9780736076357
|
| 040 |
|
|
|a GrPaTEI
|b gre
|c GR-PaULI
|e AACR2
|
| 082 |
0 |
4 |
|a 616.398
|2 23
|
| 245 |
0 |
0 |
|a Physical activity and obesity /
|c editors: Claude Bouchard, Peter T. Katzmarzyk.
|
| 250 |
|
|
|a 2nd ed.
|
| 260 |
|
|
|a Campaign :
|b Human Kinetics,
|c c2010.
|
| 300 |
|
|
|a xxi, 409 σ. :
|b εικ. ;
|c 29 εκ.
|
| 504 |
|
|
|a Περιλαμβάνει βιβλιογραφίες και ευρετήριο.
|
| 650 |
|
4 |
|a Άσκηση
|9 137625
|x Φυσιολογικές απόψεις.
|
| 700 |
1 |
|
|a Bouchard, Claude
|9 197582
|e επιμελητής.
|
| 700 |
1 |
|
|a Katzmarzyk, Peter T.,
|9 198068
|d 1968-
|e επιμελητής.
|
| 942 |
|
|
|2 ddc
|c BK
|
| 998 |
|
|
|c ΜΠΟΥΡΑΣ
|d 2023-05
|